Quel est le feat ? rap français (par 2) - Statistiques

Statistiques générales
  • Ce quiz a été pris 6 811 fois
  • Le résultat moyen est 19 sur 40
Statistiques - réponses
Hint Réponse % Correct
Maman ne le sait pas Ninho
93%
Khapta Heuss L’enfoiré
91%
RR 9.1 Koba LaD
91%
Dybala Maes
89%
Niska
87%
Woin woin Larry
86%
Niska
86%
Drill FR #4 Gazo
84%
Mannschaft SCH
84%
Jul
80%
RK
78%
Freeze Corleone
76%
Freeze Corleone
73%
Mode Akimbo SCH
70%
Jul
66%
Sofiane
65%
Ninho
64%
Ma 6t a craqué KPoint
43%
Toute l’année PLK
40%
Georges Moula Heuss L’enfoiré
39%
Timal
38%
Hier PLK
35%
La patate RK
33%
SCH
33%
TPB Dadju
32%
Koba LaD
31%
Koba LaD
31%
Fils 2 Niro
27%
PLK
26%
Koba LaD
21%
Gambi
20%
Stevez TK
20%
T'es un marrant Hornet la Frappe
15%
Sofiane
15%
Jul
14%
Ne crois pas que c'est drôle RK
13%
Intocable Lacrim
12%
Mister You
11%
Alonzo
7%
Tout s’achète Kofs
7%
Aucun quiz correspondant
Distribution des résultats
% des personnes avec chaque résultat
Percentile par nombre de réponses
Votre historique - résultats
Vous n’avez pas pris ce quiz